| 000 | 00494nam a2200157 a 4500 | ||
|---|---|---|---|
| 001 | 000037032 | ||
| 005 | 20200930080109.0 | ||
| 008 | 120209s1979 ve 000 0 spa d | ||
| 040 |
_aDO-SdBNP _bspa _cBNPHU |
||
| 082 |
_axxxx _bF123n |
||
| 100 | 1 |
_aFabre, Michel _963439 |
|
| 245 | 1 | 4 |
_aLos negros norteamericanos. / _cMichel Fabre. |
| 260 |
_aVenezuela : _bMonte Avila Editores, _c1979. |
||
| 300 |
_a185 p ; _c19 cm. |
||
| 504 | _aIncluye referencias bibliográficas y notas al pie de la páginas | ||
| 999 |
_c36522 _d36522 |
||